Tự học tiếng Anh (Lyuện nghe có băng cassette - song ngữ) = Learning English (A radio correspondence course for newcomers)

সংরক্ষণ করুন:
গ্রন্থ-পঞ্জীর বিবরন
প্রধান লেখক: Trình Tiến
বিন্যাস: গ্রন্থ
ভাষা:Undetermined
প্রকাশিত: 1993
বিষয়গুলি:
ট্যাগগুলো: ট্যাগ যুক্ত করুন
কোনো ট্যাগ নেই, প্রথমজন হিসাবে ট্যাগ করুন!
Thư viện lưu trữ: Trung tâm Học liệu Trường Đại học Cần Thơ
LEADER 00543nam a2200157Ia 4500
001 CTU_27404
008 210402s9999 xx 000 0 und d
082 |a 428 
082 |b T306 
100 |a Trình Tiến 
245 0 |a Tự học tiếng Anh (Lyuện nghe có băng cassette - song ngữ) 
245 0 |b = Learning English (A radio correspondence course for newcomers) 
245 0 |c Trình Tiến 
260 |c 1993 
650 |a english language - study and teaching 
980 |a Trung tâm Học liệu Trường Đại học Cần Thơ